ბათუმის შოთა რუსთაველის სახელმწიფო უნივერსიტეტის ბიბლიოთეკა

ზოონიმთა და ანიმალურ სომატიზმთა შემცვლი ფრაზეოლგიზმები ფრანგულ და ქართულ ენებში. (ბიბ.ჩანაწერი № 36550)

000 -LEADER
fixed length control field 00987nam a2200217Ia 4500
001 - CONTROL NUMBER
control field 2469
003 - CONTROL NUMBER IDENTIFIER
control field GE_BSU
008 - FIXED-LENGTH DATA ELEMENTS--GENERAL INFORMATION
fixed length control field 181216s||||||||xx |||||||||||||| ||und||
020 ## - INTERNATIONAL STANDARD BOOK NUMBER
International Standard Book Number 9789941409370
040 ## - CATALOGING SOURCE
Transcribing agency GE_BSU
080 ## - UNIVERSAL DECIMAL CLASSIFICATION NUMBER
Universal Decimal Classification number 811.139.1+811.353.1
100 ## - MAIN ENTRY--PERSONAL NAME
Personal name სურგულაძე, ნატალია.
245 ## - TITLE STATEMENT
Title ზოონიმთა და ანიმალურ სომატიზმთა შემცვლი ფრაზეოლგიზმები ფრანგულ და ქართულ ენებში.
245 ## - TITLE STATEMENT
Statement of responsibility, etc. [რედ ციური ახვლედიანი].
260 ## - PUBLICATION, DISTRIBUTION, ETC.
Place of publication, distribution, etc. ბათუმი
260 ## - PUBLICATION, DISTRIBUTION, ETC.
Name of publisher, distributor, etc. შოღარუსთაველის სახ უნ–ტი
260 ## - PUBLICATION, DISTRIBUTION, ETC.
Date of publication, distribution, etc. 2009
300 ## - PHYSICAL DESCRIPTION
Extent 151 გვ.
653 ## - INDEX TERM--UNCONTROLLED
Uncontrolled term სომატიზმთა შემცვლი ფრაზეოლგიზმები ფრანგულ და ქართულ ენებში.
942 ## - ADDED ENTRY ELEMENTS (KOHA)
Koha item type წიგნი
ეგზემპლარები
Withdrawn status Lost status Damaged status Not for loan Date acquired Barcode Date last seen Price effective from Koha item type
        2018-12-17 831 2018-12-17 2018-12-17 წიგნი